000
00288nam a22001097a 4500
008
230620b xxu||||| |||| 00| 0 eng d
082
_a
496.03
_b
MOH
245
_a
Modern Swahili Grammar
260
_a
Nairobi
_b
East African Education Publishers Ltd
_c
2001
300
_a
271p.
942
_2
ddc
_c
BK
999
_c
1504
_d
1504